| 000 | 01235cab a2200205 4500 | ||
|---|---|---|---|
| 001 | ABS67427 | ||
| 008 | 040205n2003 000 0 eng u | ||
| 035 | _a(Sirsi) u125057 | ||
| 100 | _aBrewer, G. | ||
| 245 | _aLate adjudication cases | ||
| 260 | _c2003 | ||
| 490 |
_aContract Journal _v421(6452) 12 November 2003, 30(1) |
||
| 520 | _aOverview of "Simons Construction Ltd v Aardvark Developments Ltd" ([2003] EWHC 2474 (TCC), Abs67244) which concerned whether an adjudicator's decision, delivered late, will remain binding upon the parties. Concludes that an adjudicator's decision given after the agreed time scale will be binding upon the parties, providing that the adjudication agreement has not been terminated and that fresh notice of referral has not been issued before the decision is given. | ||
| 590 | _aABS | ||
| 650 | _aMANAGEMENT-DISPUTE AVOIDANCE, MANAGEMENT AND RESOLUTION-DISPUTE MANAGEMENT AND RESOLUTION-ALTERNATIVE DISPUTE RESOLUTION-ADJUDICATION | ||
| 650 | _aSIMONS CONSTRUCTION LTD V AARDVARK DEVELOPMENTS LTD | ||
| 650 | _aHOUSING GRANTS, CONSTRUCTION AND REGENERATION ACT 1996 S108 | ||
| 690 | _aMANGEMENT-DISPUTE AVOIDANCE, MANAGEMENT AND RESOLUTION-DISPUTE MANAGEMENT AND RESOLUTION | ||
| 942 | _n0 | ||
| 999 |
_c74127 _d74127 |
||